Statistiken für Teams der englischen Premier League

Klicken Sie hier um das Quiz zu spielen!

Allgemein

  • Dieses Quiz wurde 2.385 mal gespielt
    (1.019 seit der letzten Aktualisierung)
  • Das Durchschnittsergebnis liegt bei 14 aus 20

Antwortstatistiken

Team% Korrekt
Manchester United
99%
Liverpool
98%
Manchester City
97%
Chelsea
94%
Arsenal
94%
Tottenham Hotspur
87%
Leicester City
78%
Everton
71%
Wolverhampton Wanderers
69%
West Ham United
68%
Southampton
65%
Brighton & Hove Albion
64%
Newcastle United
64%
Aston Villa
63%
Norwich City
53%
Crystal Palace
52%
Sheffield United
52%
Watford
48%
Burnley
46%
Bournemouth
42%

Verteilung der Resultate

Perzentil nach korrekt beantworteten Fragen

Anzahl Personen mit jedem Resultat

Ihre Resultats-Entwicklung

Sie haben dieses Quiz seit der letzten Aktualisierung nicht gespielt